Warring visions : photography and Vietnam /

Bibliographic Details
Main Author: Phu, Thy, 1975- (Author)
Format: eBook
Language:English
Published: Durham : Duke University Press, 2021.
Subjects:
Online Access:Connect to the full text of this electronic book

MARC

Tag First Indicator Second Indicator Subfields
LEADER 00000nam a2200000 i 4500
001 in00004565430
006 m o d
007 cr cn|||||||||
008 210929s2021 ncua ob 001 0 eng c
005 20220426191055.1
010 |a  2021011956 
020 |a 1478012919 
020 |a 9781478012917  |q (electronic bk.) 
020 |z 9781478010364  |q (hardcover) 
020 |z 1478010363  |q (hardcover) 
020 |z 9781478010753  |q (paperback) 
020 |z 1478010754  |q (paperback) 
024 8 |a 302516117 
035 |a (DLC)jstor22573/CTV2175CSN 
037 |a 22573/ctv2175csn  |b JSTOR 
040 |a NhCcYBP  |c NhCcYBP 
042 |a pcc 
043 |a a-vt--- 
050 4 |a TR820.6  |b .P496 2021 
072 7 |a PHO  |x 005000  |2 bisacsh 
072 7 |a PHO  |x 010000  |2 bisacsh 
072 7 |a HIS  |x 048000  |2 bisacsh 
082 0 0 |a 779/.909597  |2 23 
084 |a PHO005000  |a HIS048000  |2 bisacsh 
100 1 |a Phu, Thy,  |d 1975-  |e author. 
245 1 0 |a Warring visions :  |b photography and Vietnam /  |c Thy Phu. 
264 1 |a Durham :  |b Duke University Press,  |c 2021. 
300 |a 1 online resource. 
336 |a text  |2 rdacontent  |b txt 
337 |a computer  |2 rdamedia  |b c 
338 |a online resource  |2 rdacarrier  |b cr 
588 |a Description based on print version record. 
504 |a Includes bibliographical references and index. 
505 0 |a Socialist ways of seeing Vietnam -- Symbols of solidarity : revolutionary Vietnamese women in Vietnam and beyond -- Reenactment and remembrance -- Unhomed : domestic images and the diasporic art of recollection -- Epilogue: Visual reunion. 
650 0 |a War photography  |z Vietnam. 
650 0 |a Documentary photography  |z Vietnam. 
650 0 |a Vietnam War, 1961-1975  |x Photography. 
650 0 |a Vietnamese  |x Attitudes. 
650 0 |a Vietnamese diaspora. 
647 7 |a Vietnam War  |d (1961-1975)  |2 fast  |0 (OCoLC)fst01431664 
648 7 |a 1961-1975  |2 fast 
655 7 |a Electronic books.  |2 local 
776 1 8 |i Print version:  |a Phu, Thy, 1975-  |t Warring visions.  |d Durham : Duke University Press, 2021  |z 9781478010364  |z 9781478010753  |w (DLC) 2021011955 
856 4 0 |u http://proxy.library.tamu.edu/login?url=https://www.jstor.org/stable/10.2307/j.ctv2175rcr  |z Connect to the full text of this electronic book  |t 0 
955 |a JSTOR DDA record 
999 f f |s e07194df-5b65-407b-8565-5394c03d256d  |i e07194df-5b65-407b-8565-5394c03d256d  |t 0 
952 f f |a Texas A&M University  |b College Station  |c Electronic Resources  |d Available Online  |t 0  |e TR820.6 .P496 2021  |h Library of Congress classification 
998 f f |a TR820.6 .P496 2021  |t 0  |l Available Online